Arrondissements de Bretagne - Statistiques

Statistiques générales
  • Ce quiz a été pris 26 fois
  • Le résultat moyen est 13 sur 15
Réponses sur la Carte
Les réponses sont colorées sur une échelle allant du rouge au vert en fonction du pourcentage des utilisateurs qui les ont devinées à leur premier essai. Vous pouvez retrouver ces pourcentages ci-dessous.
 
Statistiques - réponses
Département Code d'arrondissement Nom d'arrondissement % Correct
29 291 Brest
100%
35 353 Rennes
100%
56 561 Lorient
95%
29 294 Quimper
95%
35 354 Saint-Malo
91%
56 563 Vannes
91%
22 224 Saint-Brieuc
86%
22 221 Dinan
82%
35 351 Fougères-Vitré
82%
29 293 Morlaix
82%
35 352 Redon
77%
22 222 Guingamp
73%
22 223 Lannion
73%
56 562 Pontivy
68%
29 292 Châteaulin
59%
Aucun quiz correspondant
Distribution des résultats
% des personnes avec chaque résultat
Percentile par nombre de réponses
Votre historique - résultats
Vous n’avez pas pris ce quiz